000 00593nam a22002417a 4500
003 UA-OsUOA
001 20746
007 ta
008 20031103b un ||||| |||| 00| 0 ukr d
100 _aЛяховецький Михаїл Борисович
090 _a929:623
_bЛ98
942 _cBK
040 _aUA-OsUOA
_bukr
_cUA-OsUOA
_dUA-OsUOA
245 _aЛьотчики
_cРед. М. А.Кочегура
300 _a232 с.
955 _a0
041 _aukr
080 _a929:623
260 _aКиїв
_bМолодь
_c1977
044 _aUA
650 7 _2UDC
999 _c306928
_d306928